00665 a2200157 45000010006000000050017000060080041000230030015000640400040000790800109001192450038002282640032002663000019002985050169003171000021004865951820260407155849.0260407a1961 arg spa dAR-UNSa-BCEJYS aAR-UNSa-BCEJYSbspacAR-UNSa-BCEJYS a339.9xEconomía internacional en general. Relaciones económicas internacionales. Economía mundial 10aAyuda económica y subdesarrollo 1aBuenos Aires :bHobbsc1961 a206 p.c18 cm. a1. Los países subdesarrollados – 2. El aporte de ayuda económica – 3. Comercio internacional – 4. Capital privado – 5. El futuro de la ayuda económica1 aBenham, Frederic